000 nam a22 7a 4500
999 _c8107
_d8107
008 171128b xxu||||| |||| 00| 0 eng d
100 _94552
_aCBSE
245 _aENGLISH COMMUNICATIVE-IX S.P
260 _aNEW DELHI
_bU-LIKE
_c2018